Największe miasta w wielkopolskim wg litery - Statystyki

Ogólne statystyki
  • Ten quiz został rozwiązany 158 razy
  • Średni wynik to 10 z 20
Statystyki odpowiedzi
Litera Liczba mieszkańców Miasto % Poprawnych
P 535.946 Poznań
100%
K 100.482 Kalisz
90%
L 63.774 Leszno
79%
O 71.947 Ostrów Wielkopolski
79%
G 68.323 Gniezno
78%
Ś 29.566 Śrem
71%
J 26.155 Jarocin
67%
T 26.955 Turek
60%
W 30.688 Września
60%
R 20.225 Rawicz
51%
S 30.343 Swarzędz
50%
N 14.574 Nowy Tomyśl
43%
Z 18.498 Złotów
37%
C 18.602 Chodzież
36%
M 14.060 Mosina
26%
U 3.695 Ujście
23%
Ż 2.121 Żerków
23%
B 6.036 Buk
20%
D 3.130 Dobrzyca
14%
Ł 2.951 Łobżenica
12%
Nie znaleziono quizów pasujących do podanych kryteriów
Rozkład punktacji
Procent ludzi z każdym wynikiem
Percentyl według liczby udzielonych odpowiedzi
Twoja historia wyników
Nie rozwiązałeś tego quizu